5HLuxD.jpg

KING HENRY VIII SENIOR AND PRIMARY SCHOOL LIBRARY OPAC

Cambridge international AS and A level mathematics. (Record no. 3069)

000 -LEADER
fixed length control field 00960nam a22003131i 4500
001 - CONTROL NUMBER
control field 020625207
003 - CONTROL NUMBER IDENTIFIER
control field UkOxU
005 - DATE AND TIME OF LATEST TRANSACTION
control field 20231002090517.0
008 - FIXED-LENGTH DATA ELEMENTS--GENERAL INFORMATION
fixed length control field 160420s2016 enk 000|0|eng|d
015 ## - NATIONAL BIBLIOGRAPHY NUMBER
National bibliography number GBB669450
Source bnb
016 7# - NATIONAL BIBLIOGRAPHIC AGENCY CONTROL NUMBER
Record control number 017856512
Source Uk
020 ## - INTERNATIONAL STANDARD BOOK NUMBER
International Standard Book Number 9781316600306 (pbk.)
035 ## - SYSTEM CONTROL NUMBER
System control number (Uk)017856512
040 ## - CATALOGING SOURCE
Original cataloging agency StDuBDS
Language of cataloging eng
Description conventions rda
Transcribing agency StDuBDS
Modifying agency Uk
-- KH8
042 ## - AUTHENTICATION CODE
Authentication code ukblsr
082 04 - DEWEY DECIMAL CLASSIFICATION NUMBER
Classification number 531 QUA
Edition number 23
100 1# - MAIN ENTRY--PERSONAL NAME
Personal name Quadling, Douglas,
Relator term author.
245 10 - TITLE STATEMENT
Title Cambridge international AS and A level mathematics.
Name of part/section of a work Mechanics 1:
-- Coursebook /
Statement of responsibility, etc. Douglas Quadling, Julian Gilbey.
250 ## - EDITION STATEMENT
Edition statement Revised edition.
264 #1 - PRODUCTION, PUBLICATION, DISTRIBUTION, MANUFACTURE, AND COPYRIGHT NOTICE
Place of production, publication, distribution, manufacture Cambridge :
Name of producer, publisher, distributor, manufacturer Cambridge University Press,
Date of production, publication, distribution, manufacture, or copyright notice 2016.
300 ## - PHYSICAL DESCRIPTION
Extent vii, 202 pages ;
Dimensions 28 cm.
336 ## - CONTENT TYPE
Content type term text
Source rdacontent
337 ## - MEDIA TYPE
Media type term unmediated
Source rdamedia
338 ## - CARRIER TYPE
Carrier type term volume
Source rdacarrier
500 ## - GENERAL NOTE
General note Formerly CIP.
Institution to which field applies Uk
650 #0 - SUBJECT ADDED ENTRY--TOPICAL TERM
Topical term or geographic name entry element Mechanics
Form subdivision Textbooks.
700 1# - ADDED ENTRY--PERSONAL NAME
Personal name Gilbey, Julian,
Relator term author.
942 ## - ADDED ENTRY ELEMENTS (KOHA)
Source of classification or shelving scheme
Koha item type Teaching Resources
Holdings
Withdrawn status Lost status Source of classification or shelving scheme Damaged status Not for loan Collection code Permanent Location Current Location Shelving location Date acquired Full call number Barcode Date last seen Copy number Price effective from Koha item type
          Teaching Resources KH8 Senior School Library KH8 Senior School Library Staff Office 2023-10-02 531 QUA TRKHSL003874 2023-10-02 1 2023-10-02 Teaching Resources
          Teaching Resources KH8 Senior School Library KH8 Senior School Library Staff Office 2023-10-02 531 QUA TRKHSL003875 2023-10-02 2 2023-10-02 Teaching Resources
          Teaching Resources KH8 Senior School Library KH8 Senior School Library Staff Office 2023-10-02 531 QUA TRKHSL003876 2023-10-02 3 2023-10-02 Teaching Resources
          Teaching Resources KH8 Senior School Library KH8 Senior School Library Staff Office 2023-10-02 531 QUA TRKHSL003877 2023-10-02 4 2023-10-02 Teaching Resources
          Teaching Resources KH8 Senior School Library KH8 Senior School Library Staff Office 2023-10-02 531 QUA TRKHSL003878 2023-10-02 5 2023-10-02 Teaching Resources
          Teaching Resources KH8 Senior School Library KH8 Senior School Library Staff Office 2023-10-02 531 QUA TRKHSL003879 2023-10-02 6 2023-10-02 Teaching Resources
          Teaching Resources KH8 Senior School Library KH8 Senior School Library Staff Office 2023-10-02 531 QUA TRKHSL003880 2023-10-02 7 2023-10-02 Teaching Resources
          Teaching Resources KH8 Senior School Library KH8 Senior School Library Staff Office 2023-10-02 531 QUA TRKHSL003881 2023-10-02 8 2023-10-02 Teaching Resources
          Teaching Resources KH8 Senior School Library KH8 Senior School Library Staff Office 2023-10-02 531 QUA TRKHSL003882 2023-10-02 9 2023-10-02 Teaching Resources

Powered By KH8 IT Dept